000 01134cam a2200325 i 4500
008
020 _a9781472425157 (hardback)
040 _aNUST
_cNUST
049 _aMAIN
090 0 0 _aTA169
_bRES
245 0 0 _aResilience engineering in practice.
_nVolume 2,
_pBecoming resilient /
_cedited by Christopher P. Nemeth, Erik Hollnagel
264 1 _aFarnham Surrey :
_bAshgate Publishing Company,
_c[2014]
300 _axxv, 219 pages :
_billustrations ;
_c25 cm
336 _atext
_btxt
_2rdacontent
337 _aunmediated
_bn
_2rdamedia
338 _avolume
_bnc
_2rdacarrier
490 1 _aAshgate studies in resilience engineering
500 _aIncludes Index
504 _aIncludes bibliographical references
650 0 _aReliability (Engineering)
650 0 _aMaintainability (Engineering)
650 0 _aFault tolerance (Engineering)
650 0 _aRisk assessment
700 1 _aNemeth, Christopher P.,
_eeditor
700 1 _aHollnagel, Erik,
_d1941-
_eeditor
907 _a.b1041468x
_b11-03-22
_c01-03-22
003
005 20230123141232.0
942 _cBOOKS
_kTA169
_mRES
999 _c169999
_d169999